000 00802nam a2200265Ia 4500
003 OSt
005 20221006142353.0
006 a|||||r|||| 00| 0
007 ta
008 221006b |||||||| |||| 00| 0 eng d
020 _a0860082415
_c
_15.00(each)
024 _a6,207
037 _b1128, KPP
_cTextual
040 _aEASL
_cEASL
_beng
041 _2eng
_aeng
082 _aO42,2N14,1, 111L9-;1
100 _aJUNJI Kinoshita
_9647535
245 0 _aBetween god and man
_b A judgmernt on war crimes
260 _aTokyo
_bUniversity of Tokyo Press Japan
_c1979
300 _a172p.
_ccm.
490 _v JEL
700 _a GANGLOF Eric J Tr.
_9647536
942 _hO42,2N14,1, 111L9-;1
_cTEXL
_2CC
999 _c1074293
_d1074293